Normal view
MARC view
- الفقير، نوح مصطفى
Entry Personal Name
001 - CONTROL NUMBER
- control field: 43777
003 - CONTROL NUMBER IDENTIFIER
- control field: JO-AjAnu
005 - DATE AND TIME OF LATEST TRANSACTION
- control field: 20230606081243.0
008 - FIXED-LENGTH DATA ELEMENTS
- fixed length control field: 230606|| aca||aabn | a|a d
040 ## - CATALOGING SOURCE
- Original cataloging agency: JO-AjAnu
- Transcribing agency: JO-AjAnu
100 ## - HEADING--PERSONAL NAME
- Personal name: الفقير، نوح مصطفى
670 ## - SOURCE DATA FOUND
- Source citation: Work cat.: (JO-AjAnu)22412: الفقير، نوح مصطفى, author, الأنبياء والصحابة الشهداء والخلفاء والعلماء والمعالم الدينية الإسلامية في تاريخ الأردن